Statistics for Animals in Hindi

Click here to take the quiz!

General Stats

  • This quiz has been taken 221 times
  • The average score is 12 of 15

Answer Stats

हिन्दी English % Correct
बिल्लीcat
97%
कुत्ताdog
94%
हाथीelephant
92%
मछलीfish
86%
गायcow
85%
पक्षीbird
82%
बंदरmonkey
82%
घोड़ाhorse
81%
भालूbear
81%
साँपsnake
79%
मेंढकfrog
72%
मकड़ीspider
65%
बाघtiger
63%
कछुआtortoise
61%
भेड़sheep
59%

Score Distribution

Percentile by Number Answered

Percent of People with Each Score

Your Score History

You have not taken this quiz